000 00578nam a2200217 a 4500
001 BRCA_6325
005 20190320205419.0
008 080811s----1905gw-a######---#000-0#ger-#
041 _ager
044 _agw
050 4 _aQC125
_b.L84 1905
100 1 _aLübsen, H. B.
_d1801-1864.
_q(Heinrich Borchert)
_915866
245 1 0 _aLehrbuch der Mechanik
_cH. B. Lübsen.
260 _aLeipzig
_bF. Brandstetter
_c1905
300 _a615 p.
_bil.
_c21 cm.
500 _aIncluye índice alfabético
500 _aK186
650 1 4 _aMecánica
_915867
902 _aGFM
942 _2lcc
_cB
999 _c6011
_d6011